00469nam a22001457a 450000500170000001000160001702000370003303700180007008200100008824500730009826000400017127000680021130000300027970000140030920250224125434.0 a20BACCHEN25 a9788181534824 (Pt.3)c290.00  bRainbow Books a507.8 aRainbow 101 Science Projects -3/ cedited and compiled by Aakanksha aDelhi bRainbow Books c2019(repr.) aF-32, Street No.12, Parwana Road, Jagat Puri, b Delhi e110051 a112p.c25cm(Hb)bcol.ill. aAakanksha